000
00342nam a2200157Ia 4500
003
Ost
005
20260225132542.0
008
260225s9999||||xx |||||||||||||| ||und||
040
_c
fsic
041
_a
fre
082
_a
440
100
_a
Claudine Gothot
_e
Auteur
245
0
_a
Lire simenon /
245
0
_c
Claudine Gothot
942
_c
كتاب
999
_c
33585
_d
33585